000 00417nam a2200157 i 4500
001 57117
003 ES-MaACL
005 20230906163522.0
007 t|
008 031015s1920 fr ||||1| fre d
100 1 _aDonnay, Maurice.
_945323
245 1 0 _aDialogues d'hier /
_cMaurice Donnay.
260 _aParĂ­s :
_b[s.n.,
_c1920] (
_eLagny :
_fE. Grevin)
300 _a214 p. ;
_c19 cm.
852 _aES-MaACL
_jF-9573
999 _c57117
_d57117